000 01243cam a22003497a 4500
003 CHAP
005 20220329143036.0
008 051010d2005 mx b r 00110 spa d
010 _a91102
011 _a92074
035 _a102637
040 _cCHAP
090 _aTesis
100 0 0 _aVázquez Ramírez, Evaristo.
_9120476
245 1 0 _aAnálisis y diagnóstico de la reforestacion en el Estado de Durango. periodo 1982-1988
_c/por Evaristo Vázquez Ramírez
260 _aChapingo, Méx. :
_bEl autor,
_c2005.
300 _a46 h. :
_bcuadros, mapas
502 _aTesis (Ing. Agr. Esp. en Bosques) -- UACH. División de Ciencias Forestales
590 _aALEPH
_b10
_c20130110
_lUCH01
_h1506
590 _aBATCH-UPD
_b10
_c20130110
_lUCH01
_h0813
590 _aBATCH-UPD
_b10
_c20130410
_lUCH01
_h0450
590 _aBATCH-UPD
_b10
_c20130914
_lUCH01
_h0723
590 _aCONVERSION
_b10
_c20130109
_lUCH01
_h1350
650 1 4 _aBosques
_xDurango.
_914128
650 1 4 _aBosques
_xRegeneración.
_914377
650 1 4 _aReforestación
_xDurango.
_995485
901 _aBK
905 _aElisama A. H.
942 _cFOLL
949 _aTesis
_bBC
_cTES
_d102637
_eTS1
_h43896
_i102637
_sb
949 _aTesis
_bBC
_cTES
_d33724000962023
_eTS2
_fc.2
_h43897
_i102637
_si
999 _c91102
_d91102